| 000 | 00384nam a22001697a 4500 | ||
|---|---|---|---|
| 005 | 20231102121330.0 | ||
| 008 | 231101b |||||||| |||| 00| 0 eng d | ||
| 082 |
_a658.4083 _bGIT |
||
| 100 | _aGitman | ||
| 245 |
_aThe future of business / _cGitman |
||
| 250 | _a5th ed. | ||
| 300 | _a605 | ||
| 500 | _aInclude Index | ||
| 650 | _aManagement | ||
| 700 | _aMcDaniel | ||
| 999 |
_c34659 _d34659 |
||